书目信息 |
| 题名: |
传统与现代
|
|
| 作者: | 陈来 著 | |
| 分册: | ||
| 出版信息: | 北京 北京大学出版社 2006 |
|
| 页数: | 295页 | |
| 开本: | 23cm | |
| 丛书名: | ||
| 单 册: | ||
| 中图分类: | G02 | |
| 科图分类: | ||
| 主题词: | 文化哲学--研究--中国 , 文化哲学 | |
| 电子资源: | ||
| ISBN: | 7-301-10618-1 | |
| 000 | 00981nam0 2200265 450 | |
| 001 | 012007464931 | |
| 005 | 20070522141949.48 | |
| 010 | @a7-301-10618-1@dCNY32.00 | |
| 100 | @a20070515d2006 km y0chiy0120 ea | |
| 101 | 0 | @achi |
| 102 | @aCN@b110000 | |
| 105 | @ay z 000yy | |
| 106 | @ar | |
| 200 | 1 | @a传统与现代@Achuan tong yu xian dai@e人文主义的视界@f陈来著@Fchen lai zhu |
| 205 | @a第1版 | |
| 210 | @a北京@c北京大学出版社@d2006 | |
| 215 | @a295页@d23cm | |
| 330 | @a本书围绕儒学价值传统在现代社会的意义,对近代以来有关的文化讨论和社会科学研究进行了深度反思。作者在揭示“反传统主义和反—反传统主义“的对立中,谋求化解近代以来传统与现代的紧张,肯定中国文化特别是儒学价值传统在现代社会仍有其意义,对全盘反传统的文化观进行了分析和批判。 | |
| 517 | 1 | @a人文主义的视界@Aren wen zhu yi de shi jie |
| 606 | 0 | @a文化哲学@x研究@y中国 |
| 606 | 0 | @a文化哲学 |
| 690 | @aG02@v4 | |
| 701 | 0 | @a陈来@Achen lai@f(1952~)@4著 |
| 801 | 0 | @aCN@bRULIN@c20070522 |
| 905 | @dG02@e55@s8 | |
| 传统与现代:人文主义的视界/陈来著.-第1版.-北京:北京大学出版社,2006 |
| 295页;23cm |
| ISBN 7-301-10618-1:CNY32.00 |
| 本书围绕儒学价值传统在现代社会的意义,对近代以来有关的文化讨论和社会科学研究进行了深度反思。作者在揭示“反传统主义和反—反传统主义“的对立中,谋求化解近代以来传统与现代的紧张,肯定中国文化特别是儒学价值传统在现代社会仍有其意义,对全盘反传统的文化观进行了分析和批判。 |
| ● |
| 相关链接 |
|
|
|
|
正题名:传统与现代
索取号:G02/55
 
预约/预借
| 序号 | 登录号 | 条形码 | 馆藏地/架位号 | 状态 | 备注 |
| 1 | 0575645 | 205756458 | 第一样本阅览室/ [索取号:G02/55] | 在馆 | |
| 2 | 0575646 | 205756467 | 第四借阅区/ [索取号:G02/55] | 在馆 | |
| 3 | 0575647 | 205756476 | 第四借阅区/ [索取号:G02/55] | 在馆 | |
| 4 | 0575648 | 205756485 | 第四借阅区/ [索取号:G02/55] | 在馆 | |
| 5 | 0575649 | 205756494 | 第四借阅区/ [索取号:G02/55] | 在馆 | |
| 6 | 0575650 | 205756500 | 第四借阅区/ [索取号:G02/55] | 在馆 | |
| 7 | 0575651 | 205756519 | 第四借阅区/ [索取号:G02/55] | 在馆 | |
| 8 | 0575652 | 205756528 | 第四借阅区/ [索取号:G02/55] | 在馆 |